Відгуки часу: вибрані нариси, статті, спогади, матеріали (Запис № 371445)

МАРК-запис
000 -Лідер
fixed length control field 00812nam a22002657a 4500
001 - Контрольний номер
control field 85131
003 - Ідентифікатор контрольного номера
control field UA-OsUOA
005 - Дата та час останнього входження (трансакції)
control field 20191218112219.0
007 - Фіксоване поле фізичного опису
fixed length control field ta
008 - Елементи даних фіксованої довжини – загальна інформація
fixed length control field 20120618b un ||||| |||| 00| 0 ukr d
040 ## - Джерело каталогізації
Агенція оригінальної каталогізації UA-OsUOA
Мова каталогізації ukr
Агенція, яка здійснювала перезапис UA-OsUOA
Агенція, яка здійснювала модифікацію UA-OsUOA
041 ## - Код мови
Код мови тексту/ звукової доріжки чи окремого заголовка (П) ukr
044 ## - Код країни видавця/ виробника
Код країни видавця/ виробника (П) UA
080 ## - Індекс Універсальної десяткової класифікації
Індекс Універсальної десяткової класифікації (УДК) (НП) 94(477)
090 ## - Локальний шифр розміщення
Класифікаційний індекс УДК 94(477)
Авторський знак (НП) К53
100 ## - Основне введення – ім’я особи
Ім’я особи (НП) Книш І.
245 ## - Відомості про назву
Назва (НП) Відгуки часу: вибрані нариси, статті, спогади, матеріали
260 ## - Публікація, розповсюдження і т.п. (Вихідні дані)
Місце публікації, розповсюдження і т.п. (П) Вінніпег
Ім’я/ наймення видавництва, розповсюджувача і т.п. (П) Накладом авторки
Дата публікації, розповсюдження і т.п. (П) 1972
300 ## - Фізичний опис
Обсяг 404 с.
591 ## - Дарувальник
Назва організації родина Лисиків
650 #7 - Додаткове предметне введення – тематичний термін
Тематичний термін чи географічна назва, як елемент введення (НП) 9 Географія. Біографії. Історія
Джерело заголовка чи терміна UDC
942 ## - Додаткові елементи входу (Коха)
Тип елемента Koha Книги
Source of classification or shelving scheme Universal Decimal Classification
955 ## - Код типу видання за змістом
Код типу видання за змістом (НП) Навчальні видання
Фонди
Стан вилучень Стан втрат Джерело класифікації або схеми стелажів Стан уражень Не для кредиту Постійне місце розташування Поточне розміщення Дата придбання Інвентарний номер Усього замовленно Повний номер виклику Штрих-код Дата останнього перегляду Ціна ефективна від Тип елемента Koha Код колекції Джерело придбання Вартість, звичайна ціна покупки
Withdrawn   Universal Decimal Classification     АБ - Абонемент НБ АБ - Абонемент НБ 04/11/2003 28455   94(477) К53 28455 13/07/2019 04/11/2003 Книги      
    Universal Decimal Classification     АБ - Абонемент НБ АБ - Абонемент НБ 18/06/2012 139531   94(477) К53 139531 06/02/2022 18/06/2012 Книги Колекція бібліотеки інституту Св. Івана 48/2012 8.00
Withdrawn   Universal Decimal Classification     АБ - Абонемент НБ АБ - Абонемент НБ 21/04/2016 151038   94(477) К53 151038 13/07/2019 21/04/2016 Книги   18/2016 8.00
    Universal Decimal Classification     Наукова бібліотека ІДУД Наукова бібліотека ІДУД 12/06/2008 2128870   82-94 К53 2128870 15/09/2019 12/06/2008 Книги   110/2007 1.00
    Universal Decimal Classification     Наукова бібліотека ІДУД Наукова бібліотека ІДУД 12/06/2008 2128871   82-94 К53 2128871 15/09/2019 12/06/2008 Книги   109/2007 1.00